| 000 | 00444nmm a2200157Ia 4500 | ||
|---|---|---|---|
| 008 | 251105s9999||||xx |||||||||||||||||und|| | ||
| 020 | _a9788496831162 | ||
| 041 | _aspa | ||
| 100 | _aLasn, Kalle | ||
| 245 | 0 | _aSabotaje cultural. Manual de uso | |
| 264 |
_a[Madrid, España] : _bEl Viejo Topo, _c2007 |
||
| 300 | _a238 páginas | ||
| 650 | _aEconomics and Business | ||
| 856 | _uhttps://public.digitaliapublishing.com/a/57861 | ||
| 942 | _cCF | ||
| 999 |
_c90129 _d90129 |
||